000 00629nam a22002057a 4500
003 OSt
005 20260618154822.0
008 260618b |||||||| |||| 00| 0 eng d
020 _a9780393927405
040 _cChuka University Library
050 _aPS 507
_b.L4 2007
100 _aLevine, Robert S
_930305
245 _aThe Norton Anthology of American Literature
250 _a7th ed.
260 _aNew York
_bW.W Norton and company
_c2007
300 _axvi various paging
_bIllustrated includes indexes
650 _aAmerican literature
_920380
650 _aUnited states-literary collections
_930306
942 _2lcc
_cBK
_n0
999 _c24838
_d24838